| 000 | 00799cab a2200205 4500 | ||
|---|---|---|---|
| 001 | WB2332-23 | ||
| 008 | 090401t1987 xxu||||| |||| 00| 0 eng d | ||
| 035 | _a(Sirsi) u63816 | ||
| 041 | _aeng | ||
| 245 | _aProvision for re-entry | ||
| 260 | _c1987 | ||
| 350 | _a0 | ||
| 490 |
_aTimes _v7/8/87 p26 |
||
| 520 | _aIn the case of Paterson v Aggio and another, CA 31 July 1987, it was held that a term in a tenancy agreement entitling the landlord to re-enter if the tenant shall become bankrupt or enter into any composition with his creditors was a provision for re-entry for breach of any obligation of the tenancy. | ||
| 650 | _aHOUSING ACT 1980 S52 1 C | ||
| 650 | _aSHORTHOLD TENANCY | ||
| 690 | _aLANDLORD AND TENANT-CASE LAW-RESIDENTIAL TENANCIES | ||
| 942 | _n0 | ||
| 948 | _c04/03/1997 | ||
| 999 |
_c39700 _d39700 |
||